Cities and Towns in Dukes County, MA - Statistics

General Stats
  • This quiz has been taken 6 times
  • The average score is 6 of 7
Answer Stats
Letter Answer % Correct
A Aquinnah
100%
C Chilmark
100%
E Edgartown*
100%
O Oak Bluffs
100%
T Tisbury
100%
W West Tisbury
75%
G Gosnold
50%
No matching quizzes found
Score Distribution
Percent of People with Each Score
Percentile by Number Answered
Your Score History
You have not taken this quiz